000 00715nam a2200181Ia 4500
008 100920s9999 xx 000 0 und d
082 _b64260
_a51 थ 93
100 _aजाखडे अरूण.
245 _aधर्मवीर छत्रपती संभाजी महाराज.
260 _bपद्मगंधा प्रकाशन, पुणे.
_c1993
300 _a79
_bसाधी
365 _b35
520 _aचरित्र.
630 _aधर्मवीर छत्रपती संभाजी महाराज.
650 _aचरित्र.
730 _aधर्मवीर छत्रपती संभाजी महाराज.
942 _cBOOK
999 _c707310
_d707307